|
|
|
|
| LEADER |
00886nam a2200193 i 4500 |
| 003 |
GR-PaULI |
| 005 |
20211228103418.0 |
| 008 |
211228s1970 gw g 000 f ger d |
| 952 |
|
|
|0 0
|1 0
|2 ddc
|4 0
|6 833_912000000000000_FAL
|7 1
|9 353813
|a LISP
|b LISP
|c DON
|d 2021-12-28
|e ΨΥΧ
|i 254349
|l 0
|o 833.912 FAL
|p 025000287907
|r 2021-12-28 00:00:00
|t 1
|w 2021-12-28
|y BKN
|
| 999 |
|
|
|c 207460
|d 207460
|
| 040 |
|
|
|a GR-PaULI
|b gre
|c GR-PaULI
|e AACR2
|
| 082 |
0 |
4 |
|a 833.912
|2 23
|
| 100 |
1 |
|
|9 106437
|a Fallada, Hans,
|d 1893-1947,
|e συγγραφέας.
|
| 245 |
1 |
0 |
|a Kleiner Mann, Großer Mann - alles vertauscht :
|b oder Max Schreyvogels Last und Lust des Geldes : ein heiterer Roman /
|c Hans Fallada.
|
| 260 |
|
|
|a Hamburg ;
|a Stuttgart :
|b Rowohlt,
|c 1970.
|
| 300 |
|
|
|a 314 [4] σ. ;
|c 19 εκ.
|
| 650 |
|
4 |
|9 982
|a Γερμανική λογοτεχνία
|y 20ός αιώνας
|
| 942 |
|
|
|2 ddc
|c BK
|
| 998 |
|
|
|c Σαλαμούρα
|d 2021-12
|